| 000 | 00625nam a2200145Ia 4500 | ||
|---|---|---|---|
| 008 | 100415s9999 xx 000 0 und d | ||
| 082 |
_b19356 _a639.9(54) |
||
| 100 | _aSAWARKAR VISHWAS B. | ||
| 245 | _aManual for Planning Wildlife Management in Protected Areas and Managed Forests: For Reference Only | ||
| 260 |
_aDEHRADUN _c1995 _bWILDLIFE INSTITUTE OF INDIA |
||
| 365 | _b200 | ||
| 630 | _aManual for Planning Wildlife Management in Protected Areas and Managed Forests: For Reference Only | ||
| 730 | _aManual for Planning Wildlife Management in Protected Areas and Managed Forests: For Reference Only | ||
| 942 | _cBOOK | ||
| 999 |
_c602253 _d602250 |
||